000 00427nam a2200157Ia 4500
008 180921t1951 xxu||||| ||||o00| 0 eng d
041 _aeng
080 _a1951 May-June
245 4 _aThe Ceylon Government Gazette
260 _c1951
300 _ap.97-96, 33 cm
500 _aPart 1 : Section (3) - Trade Mark And Patent Notices
_aNo.10256-Friday
942 _cBK
999 _c58314
_d58314
003 LK-CoDNM
040 _aLK-CoDNM
_dLK-CoDNM
_eLK-CoDNM